| 000 | 00000nam##2200000za#4500 |
| 001 | 9.644215 |
| 003 | CaOODSP |
| 005 | 20210624224536 |
| 007 | cr ||||||||||| |
| 008 | 150407|2013||||xxc|||||o f|0| 0 fre|d |
| 040 | |aCaOODSP|bfre |
| 043 | |an-cn--- |
| 086 | 1 |aR5-32/2013F-PDF |
| 110 | 1 |aCanada. |bAffaires autochtones et développement du Nord Canada. |
| 245 | 10|aProfil démographique et bien-être des Autochtones |h[ressource électronique] |
| 260 | |aOttawa - Ontario : |bAffaires autochtones et Développement du Nord Canada |cJanvier 2013. |
| 300 | |a24p.|bfigures en couleur, graphiques, cartes, tableau |
| 590 | |a15-06|b2015-02-06 |
| 691 | 07|aAutochtones|2gcpds |
| 691 | 07|aDémographie|2gcpds |
| 691 | 07|aSanté|2gcpds |
| 775 | 08|tAboriginal demographics and well-being |w(CaOODSP)9.700319 |
| 856 | 40|ahttp://publications.gc.ca|qPDF|s2.71 Mo|uhttps://publications.gc.ca/collections/collection_2015/aadnc-aandc/R5-32-2013-fra.pdf |